000 00841nam a2200229 a 4500
001 000004635
005 20200929151456.0
008 090724s2006 bl d 001 0 spa d
020 _a8496515184
040 _aDO-SdBNP
082 _axxxx
_bF441g
245 0 3 _aLa financiación del gasto sanitario desde la perspectiva de la experiencia comparada /
_cDavid Cantarero Prieto... [et.al.]. ; dirigido por Juan Manuel Cabasés Hita.
260 _aBilbao, Brasil :
_bFundación BBVA,
_c2006.
300 _a468 p. ;
_c24 cm.
500 _aIncluye índice
504 _aIncluye bibliografías al final de los capítulos
700 1 _aCantarero Prieto, David
_913511
700 1 _aGómez Sala, Jesús Salvador
_913512
700 1 _aJiménez Aguilera, Juan de Dios
_913513
700 1 _aCabasés Hita, Juan Manuel,
_edir.
_913514
049 _aBNPD
999 _c4443
_d4443